Informació Estadística del Departament de Treball : anuari... anuari...
Publicado:
Barcelona :
Generalitat de Catalunya. Departament de Treball. Gabinet Tècnic, DL 1994 - 1997
Descripción Física:
4 v. ; 29'5 cm
Materias:
Treball -- Catalunya -- Estadístiques
MARC
| LEADER | 00000nam a2200000Ia 4500 | ||
|---|---|---|---|
| 001 | 10683, 11026, 11493, 11754 | ||
| 008 | 160829s9999 xx 000 0 cat d | ||
| 080 | |a M-1-90, M-1-91, M-1-92, M-1-93 | ||
| 110 | 1 | |a Catalunya. |b Departament de Treball |9 69848 | |
| 245 | |a Informació Estadística del Departament de Treball : |b anuari... | ||
| 260 | |a Barcelona : |b Generalitat de Catalunya. Departament de Treball. Gabinet Tècnic, DL 1994 - 1997 | ||
| 300 | |a 4 v. ; |c 29'5 cm | ||
| 650 | |a Treball |x Catalunya |x Estadístiques |9 23962 | ||
| 866 | |a 1993, 1994, 1995, 1996 | ||
| 901 | |a Arxiu | ||
| 942 | |n 1 | ||
| 952 | |0 0 |1 0 |4 0 |6 M190_M191_M192_M193 |7 1 |9 42929 |a Arxiu |b Arxiu |d 2016-12-01 |l 0 |o M-1-90, M-1-91, M-1-92, M-1-93 |p 10683, 11026, 11493, |r 2016-12-01 00:00:00 |w 2016-12-01 |y ARXIU | ||
| 999 | |c 45435 |d 45435 | ||